书目信息 |
| 题名: |
红楼服饰
|
|
| 作者: | 李军均 著 | |
| 分册: | ||
| 出版信息: | 济南 山东画报出版社 2004 |
|
| 页数: | 183页 | |
| 开本: | 20cm | |
| 丛书名: | 大雅《红楼梦》文化系列 | |
| 单 册: | ||
| 中图分类: | I207.411 , K892.23 | |
| 科图分类: | ||
| 主题词: | 服饰 | |
| 电子资源: | ||
| ISBN: | 7-80603-911-2 | |
| 000 | 00825oam2 2200277 450 | |
| 001 | 1259982572 | |
| 005 | 20121014164018.59 | |
| 010 | @a7-80603-911-2@dCNY29.00 | |
| 100 | @a20040329d2004 em y0chiy50 ea | |
| 101 | 0 | @achi |
| 102 | @aCN@b370000 | |
| 105 | @aa z 000yy | |
| 200 | 1 | @a红楼服饰@Ahong lou fu shi@f李军均著 |
| 210 | @a济南@c山东画报出版社@d2004 | |
| 215 | @a183页@c图@d20cm | |
| 225 | 2 | @a大雅《红楼梦》文化系列 |
| 330 | @a本书展示《红楼梦》的服饰文化,阐述其服饰的史学文化、社会习俗、传统文化、清代政治的关系等。 | |
| 461 | 0 | @12001 @a大雅《红楼梦》文化系列 |
| 605 | @a红楼梦@x服饰@x研究 | |
| 605 | @a红楼梦 | |
| 606 | 0 | @a服饰 |
| 690 | @aI207.411@v4 | |
| 690 | @aK892.23@v4 | |
| 701 | 0 | @a李军均@Ali jun jun@f(1975.6~)@4著 |
| 801 | 0 | @aCN@bNLC@c20101222 |
| 905 | @a10447@dI207.411@eJY478 | |
| 红楼服饰/李军均著.-济南:山东画报出版社,2004 |
| 183页:图;20cm.-(大雅《红楼梦》文化系列) |
| ISBN 7-80603-911-2:CNY29.00 |
| 本书展示《红楼梦》的服饰文化,阐述其服饰的史学文化、社会习俗、传统文化、清代政治的关系等。 |
| ● |
| 相关链接 |
|
|
|
|
正题名:红楼服饰
索取号:I207.411/JY478
 
预约/预借
| 序号 | 登录号 | 条形码 | 馆藏地/架位号 | 状态 | 备注 |
| 1 | 7801165 | 278011651 | 学院路分馆/ [索取号:I207.411/JY478] | 在馆 | |
| 2 | 7801166 | 278011660 | 学院路分馆/ [索取号:I207.411/JY478] | 在馆 |